000 00764nam2a2200205 4500
001 RU\NLR\PER_A\002790187_005690
005 20250624044039.0
035 _a(NLR Aleph) 012476842
090 _a12108809
_c12108809
100 _a20210317d2020 |||y0rusy50 ca
101 0 _arus
102 _aRU
200 0 _a2020, № 24 (402)
210 _d2020
_aБ. м.
461 0 _1001RU\NLR\Per\538119
_12001#$aЦветок$eжурнал для тех, кто любит цветы$fТолока$v2020, № 24 (402)
_92485696
_cСмоленск
_d2008 -
_fТолока
_nТолока
_oжурнал для тех, кто любит цветы
_tЦветок
_x1812-0717
_v2020, № 24 (402)
852 _aNLR
_jП14/1156
942 _cISSUE
980 _aNB
980 _aRUSPER